Essential care : (Record no. 8630)

MARC details
000 -LEADER
fixed length control field 01570nam a22002777a 4500
003 - CONTROL NUMBER IDENTIFIER
control field GBCCL
005 - DATE AND TIME OF LATEST TRANSACTION
control field 20241126110654.0
008 - FIXED-LENGTH DATA ELEMENTS--GENERAL INFORMATION
fixed length control field 210510b ||||| |||| 00| 0 eng d
020 ## - INTERNATIONAL STANDARD BOOK NUMBER
International Standard Book Number 9781602581425
020 ## - INTERNATIONAL STANDARD BOOK NUMBER
International Standard Book Number 9781602581654
020 ## - INTERNATIONAL STANDARD BOOK NUMBER
International Standard Book Number 1602581657
020 ## - INTERNATIONAL STANDARD BOOK NUMBER
International Standard Book Number 1602581428
040 ## - CATALOGING SOURCE
Transcribing agency GBC
082 ## - DEWEY DECIMAL CLASSIFICATION NUMBER
Classification number 177.7
Item number BOF
100 ## - MAIN ENTRY--PERSONAL NAME
Personal name Boff, Leonardo
9 (RLIN) 15230
245 ## - TITLE STATEMENT
Title Essential care :
Remainder of title an ethics of human nature /
Statement of responsibility, etc. Leonardo Boff ; translation and notes, Alexandre Guilherme
260 ## - PUBLICATION, DISTRIBUTION, ETC.
Place of publication, distribution, etc. Waco, TX :
Name of publisher, distributor, etc. Baylor University Press,
Date of publication, distribution, etc. ©2008
300 ## - PHYSICAL DESCRIPTION
Extent xi, 178 p.
501 ## - WITH NOTE
With note Originally published: London : SPCK, ©2007<br/>Translated from the Portuguese
505 ## - FORMATTED CONTENTS NOTE
Formatted contents note The issue of care serves as a critique of the agonising situation of our civilisation, but it also serves as an inspiring principle for a fresh paradigm of living together. This book envisions a globalised society in the great common home of the earth and of a world in which care has been recognised as a fundamental ethos of the human being.
505 ## - FORMATTED CONTENTS NOTE
Formatted contents note 1. Carelessness: a sign of our times 2. To care: the ethos of the human being 3. The fable-myth about "care" 4. An ingenious slave: Gaius Julius Hyginus 5. Explaining the fable-myth about care 6. Dimensions of care 7. The nature of care 8. Resonances of care 9. Concretizations of care 10. Pathologies of care 11. Exemplary figures of care Conclusion: to care and the future of the dispossessed of the earth
650 ## - SUBJECT ADDED ENTRY--TOPICAL TERM
Topical term or geographic name entry element Caring.
9 (RLIN) 11167
650 ## - SUBJECT ADDED ENTRY--TOPICAL TERM
Topical term or geographic name entry element Conduct of life.
9 (RLIN) 524
650 ## - SUBJECT ADDED ENTRY--TOPICAL TERM
Topical term or geographic name entry element Caring
9 (RLIN) 11167
942 ## - ADDED ENTRY ELEMENTS (KOHA)
Source of classification or shelving scheme Dewey Decimal Classification
Koha item type Books
Holdings
Withdrawn status Lost status Source of classification or shelving scheme Damaged status Not for loan Home library Current Library Shelving location Date acquired Total checkouts Full call number Barcode Date last seen Copy number Price effective from Koha item type
    Dewey Decimal Classification     GRACE BIBLE COLLEGE GRACE BIBLE COLLEGE Philosophy and Religion 2021-05-10   177.7 BOF 020267 2025-05-01 c.1 2021-05-10 Books
© Grace Bible College Library 2025